Obilie

Bibliographic Details
Main Authors: Mamin-Sibirjak, Dmitrij Narkisovič, 1852-1912 (Author), Pechr, Čestmír (Author)
Other Authors: Kostolanský, Felix, 1928-2007 (Translator)
Format: Book
Language:Slovak
PhysicalDescription:439 s.
Published: Bratislava Tatran 1976
Edition:1.vyd.
Series:Pamír

MARC

LEADER 00000nam a2200000 4500
001 vtls010000491
003 SK-MaSNL
005 20260302044421.0
008 251029s1976 xo slo
035 |a SE033143 
040 |a SNK  |b slo  |c SNK  |e AACR2 
041 1 |a slo 
044 |a xo  |c SK 
100 1 |a Mamin-Sibirjak, Dmitrij Narkisovič,  |d 1852-1912  |4 aut  |9 307556 
245 1 0 |a Obilie  |c Dmitrij Narkisovič Mamin-Sibiriak ; [Z rus. orig. ... prel.] Felix Kostolanský ; spoluautor Čestmír Pechr 
250 |a 1.vyd. 
260 |a Bratislava  |b Tatran  |c 1976  |e Banská Bystrica  |f Tlačiarne SNP 
300 |a 439 s. 
490 1 |a Pamír  |v Zv. 20 
700 1 |a Kostolanský, Felix,  |d 1928-2007  |4 trl  |9 216126 
700 1 |a Pechr, Čestmír  |4 aut  |9 352374 
830 0 |a Pamír  |9 278534 
958 |a OND 
999 |c 1089608  |d 1091538 
952 |a SNK  |b SNK  |y VYP  |7 0  |p 17A1076684  |o snkSC 38147 D1  |i snkKSP 1130/76  |3 rekatalogizácia  |0 0  |1 0  |4 0  |d 2014-09-25  |l 0  |r 2026-02-24 16:53:26  |w 2026-02-24